000 00495nam a2200193Ia 4500
005 20240823030749.0
008 240823s9999||||xx |||||||||||||| ||und||
020 _a978-818489609-1
041 _aENGLISH
082 _A620.5 Q0
100 _aVincent Rotello Ed.
245 0 _aNanoparticles Building Blocks for Nanotechnology
250 _a1st
260 _c2010
_bSpringer International Ed
500 _aYES
650 _aNanoparticles
_bNano Technology
942 _cBK
999 _c189474
_d189474